Bericht über das dreijährige Wirken der Repräsentanz der königl. Freistadt Pressburg

Podrobná bibliografia
Médium: Kniha
Jazyk:nemčina
Fyzický popis:20, [2] s. 8°
Vydavateľské údaje: Pressburg F. R. Mayer [1870]

MARC

LEADER 00000nam a2200000 a 4500
001 vtls001262120
003 SK-MaSNL
005 20260223123749.0
008 160404s1870 xo 0 ger
035 |a SNK000213004 
040 |a SNK  |b slo  |c SNK  |e AACR2 
041 0 |a ger 
044 |a xo  |c SK 
245 0 0 |a Bericht über das dreijährige Wirken der Repräsentanz der königl. Freistadt Pressburg 
260 |a Pressburg  |b F. R. Mayer  |c [1870] 
300 |a 20, [2] s.  |c 8° 
958 |a RK 
958 |a ONDV 
999 |c 540149  |d 542079 
952 |t P60, <03>, [BOOK], {603}  |a SNK  |b SNK  |y PREZ  |7 0  |p 17A0844755  |o snkSC 13554  |i snkKSF 2036/59  |8 5  |0 0  |1 0  |4 0  |d 1996-09-26  |l 0  |r 2025-07-16 00:00:00  |w 2026-02-23 
952 |a SNK  |b SNK  |y VYP  |7 0  |p 17A0662415  |o snkSC 13554 D1  |i snkK 4795/73  |8 3  |0 0  |1 0  |4 0  |d 1996-09-26  |l 0  |r 2005-01-01 00:00:00  |w 2026-02-23